000 01410nam2a2200289 4500
001 RU\NLR\BIBL_A\012496520
005 20230320100751.0
010 _a978-5-7454-1630-9
_91000
021 _aRU
_bКН-П-20-078941
_9КН-П-20-5981
035 _a(NLR Aleph) 012496520
090 _a12207088
_c12207088
100 _a20210406d2020 u y0rusy50 ca
101 1 _arus
_ceng
102 _aRU
105 _ay w 000zy
200 1 _aДоникейское христианство, 100-325 г. до Р. Х.
_dAnte-nicene christianity, A. D. 100-325
_zeng
210 _d2020
215 _a589 с.
300 _aАвт. также на англ. яз.: Philip Schaff
320 _aБиблиогр. в тексте и в подстроч. примеч.
461 0 _1001RU\NLR\BIBL_A\011849549
_12001#$aИстория христианской церкви$fФилип Шафф$g[перевод: Розет Д. А.]$vТ. 2
_1700#1$aШафф$bФ.$f1819-1893$gФилипп$3RU\NLR\AUTH\7792533
_912095323
_aШафф, Ф. (1819-1893)
_cСанкт-Петербург
_d2018
_e[Изд. 3-е]
_fФилип Шафф
_nБиблия для всех
_tИстория христианской церкви
_vТ. 2
510 1 _6z22790
_aAnte-nicene christianity, A. D.. 100-325
_zeng
790 1 _6z22510
_aSchaff
_bP.
_gPhilip
942 _cBOOK
980 _aNB